Top 10 Most Forested Countries in Africa - Statistics

General Stats
  • This quiz has been taken 40 times
  • The average score is 7 of 10
Answer Stats
Percentage (%) Country % Correct
55.6% DRC
94%
64.3% Republic of the Congo
91%
53.4% Angola
85%
91.3% Gabon
79%
60.3% Zambia
70%
51.6% Tanzania
67%
45.1% Zimbabwe
67%
46.7% Mozambique
64%
71.9% Liberia
45%
70.4% Guinea-Bissau
39%
No matching quizzes found
Score Distribution
Percent of People with Each Score
Percentile by Number Answered
Your Score History
You have not taken this quiz